000 00470nam a2200157Ia 4500
008 180910s9999 xx 000 0 und d
100 _aAmerican Journal of Education.
245 _aAmerican Journal of Education /
245 _cAmerican Journal of Education.
260 _bThe Penn State College of Education
260 _c2018
300 _apages 161-256, February 2018
440 _aJournal of Education
_v124:2
650 _aEducation.
650 _aPeriodicals.
999 _c358769
_d358769